000
00271nam a2200109Ia 4500
008
240625s9999 xx 000 0 und d
041
_a
eng
082
_a
658.4032 BAL
100
_a
BALAKRISHNAN NAGRAJ
245
_a
MANAGERIAL DECISION MODELING WITH SPREAD
260
_c
2007
999
_c
33677
_d
33677